000 00587cam a2200217 4500
001 J2268
008 090401t xxu||||| |||| 00| 0 eng d
035 _a(Sirsi) u48022
041 _aeng
050 _a333.337094212
110 _aJones Lang Wootton
_92909
245 _aQuarterly review: London City offices. - First quarter 1994 - Fourth quarter 1994
260 _aLondon
_bJones Lang Wootton
_c1994-95
300 _a4 pt. ; 30cm.
350 _a0
650 _aCITY OF LONDON
650 _aOFFICES
690 _aPROPERTY-COMMERCIAL PROPERTY
942 _n0
948 _c04/03/1997
999 _c92265
_d92265